Complete the Card - WWE Royal Rumble 2009 - Statistics

General Stats
  • This quiz has been taken 451 times
  • The average score is 7 of 9
Answer Stats
Answer % Correct
Randy Orton
98%
John Cena
97%
Edge
96%
Jeff Hardy
87%
Matt Hardy
86%
John Bradshaw Layfield
71%
Jack Swagger
69%
Beth Phoenix
66%
Melina
63%
No matching quizzes found
Score Distribution
Percent of People with Each Score
Percentile by Number Answered
Your Score History
You have not taken this quiz